Biblioteca

Charles Francis Yoder (Registro nro. 52389)

Detalles MARC
000 -LÍDER
Campo fijo de descripción fija 00815aab a2200193 i 4500
001 - NÚMERO DE CONTROL
Campo de control 768714001
003 - IDENTIFICADOR DEL NÚMERO DE CONTROL
Campo de control CO-MdFUSB
005 - FECHA Y HORA DE LA ULTIMA TRANSACCIÓN
control field 20240424154922.0
008 - ELEMENTOS DE LONGITUD FIJA -- INFORMACIÓN GENERAL
Campo fijo de descripción fija -- Información general 240424t1999 ag ||||| |||| 00| 0 spa d
040 ## - FUENTE DE CATALOGACIÓN
Idioma de catalogación spa
Agencia que realiza la transcripción CO-MdFUSB
041 ## - CÓDIGO DE IDIOMA
Código de idioma para texto/pista de sonido o título separado spa
100 1# - ASIENTO PRINCIPAL--NOMBRE PERSONAL
Nombre personal Powell, David R.
Término relacionador autor
245 ## - TÍTULO
Título Charles Francis Yoder
Mención de responsabilidad / David R. Powell
300 ## - DESCRIPCIÓN FÍSICA
Extensión Volumen 18, número 1 y 2 (enero - julio, 1999) páginas: 58 - 60
Dimensiones ; 27 cm
520 ## - NOTA DE RESUMEN, ETC.
Nota de sumario, etc. Biografía del primer misionero que en Río Cuarto (Córdoba, Argentina) dio comienzo a la actividad evangelizadora de la «Iglesia de los Hermanos», Charles Francis Yoder (1873-1955).
650 #0 - ASIENTO SECUNDARIO DE MATERIA - TERMINO TEMÁTICO
Término temático o nombre geográfico como elemento de entrada Biografías cristianas
9 (RLIN) 1238
773 0# - ASIENTO DE ITEM FUENTE
Título Iglesia y Misión
Biblionumber 49402
Itemnumber 59632
Parte(s) relacionada(s) / Volumen., número. (mes año), páginas Volumen 18, número 1 y 2 (enero - julio, 1999) páginas: 58 - 60
Enumeración y primera página página: 58
942 ## - TIPO DE MATERIAL (KOHA)
Tipo de Item KOHA Artículos de Revista

No hay ítems disponibles.

Biblioteca FUSBC | Teléfono: (57+4) 349 88 10 Ext. 141| WhatsApp (+57) 3005338115 
E-mail: biblioteca@unisbc.edu.co | Calle 76 87-14 Robledo Palenque, Medellín, Colombia

Con tecnología Koha